Azores Islands - Statistics

General Stats
  • This quiz has been taken 291 times
  • The average score is 7 of 9
Answer Stats
Hint Answer % Correct
Green Island São Miguel
93%
Black Island Pico
88%
Pink Island Flores
82%
Purple Island Terceira
82%
Yellow Island Santa Maria
77%
Brown Island Corvo
73%
Blue Island Faial
71%
Red Island São Jorge
71%
White Island Graciosa
59%
No matching quizzes found
Score Distribution
Percent of People with Each Score
Percentile by Number Answered
Your Score History
You have not taken this quiz